00246nam a2200097Ia 4500008004100000041000800041082001300049100001600062245003000078260004000108231212s1968 xx 000 0 und d aeng a621.3841 aJolley E.H. aIntroduction To Telephony aAllahabadbInternational Bookc1968